Normal view
MARC view
- ELLSWORTH, P. T,LEITH, J. CLARK
Entry Personal Name
001 - CONTROL NUMBER
- control field: 77854
003 - CONTROL NUMBER IDENTIFIER
- control field: NUST
005 - DATE AND TIME OF LATEST TRANSACTION
- control field: 20210628210022.0
008 - FIXED-LENGTH DATA ELEMENTS
- fixed length control field: 210628|| aca||aabn | a|a d
040 ## - CATALOGING SOURCE
- Original cataloging agency: NUST
- Transcribing agency: NUST
100 ## - HEADING--PERSONAL NAME
- Personal name: ELLSWORTH, P. T,LEITH, J. CLARK
670 ## - SOURCE DATA FOUND
- Source citation: Work cat.: (NUST): ELLSWORTH, P. T,LEITH, J. CLARK, THE INTERNATIONAL ECONOMY, 1959
